[Event "ISL-chT1 1819"]
[Site "Reykjavik"]
[Date "2018.11.09"]
[Round "2.3"]
[White "Ragnarsson, Johann Hjortur"]
[Black "Jonsson, Pall G"]
[Result "1-0"]
[WhiteElo "1963"]
[BlackElo "1834"]
[PlyCount "49"]
[EventDate "2018.11.08"]
[EventType "team-tourn"]
[EventRounds "9"]
[EventCountry "ISL"]
[SourceTitle "CBM 187 Extra"]
[Source "ChessBase"]
[SourceDate "2018.11.04"]
[SourceVersion "1"]
[SourceVersionDate "2018.11.04"]
[SourceQuality "1"]
[WhiteTeam "Taflfelag Gardjabaejar"]
[BlackTeam "Skakdeild KR"]
[WhiteTeamCountry "ISL"]
[BlackTeamCountry "ISL"]

1. d4 g6 2. c4 Bg7 3. Nc3 d6 4. e4 Nf6 5. f3 0-0 6. Bg5 h6 7. Be3 c6 8. Qd2 Kh7 9. Nge2 Nbd7 10. Ng3 Qa5 11. Be2 a6 12. 0-0 b5 13. cxb5 axb5 14. a3 Bb7 15. b4 Qd8 16. f4 Nb6 17. f5 Nc4 18. Bxc4 bxc4 19. Qe2 e6 20. e5 dxe5 21. dxe5 Nd5 22. Nxd5 Bxe5 23. fxg6+ Kg7 24. Bxh6+ Kg8 25. Qxe5 1-0

[Event "Reykjavik op"]
[Site "Reykjavik"]
[Date "2018.03.08"]
[Round "4"]
[White "Jonsson, Pall G"]
[Black "Vidic, Teja"]
[Result "0-1"]
[WhiteElo "1841"]
[BlackElo "2180"]
[PlyCount "38"]
[EventDate "2018.03.06"]
[EventType "swiss"]
[EventRounds "9"]
[EventCountry "ISL"]
[SourceTitle "CBM 183 Extra"]
[Source "ChessBase"]
[SourceDate "2018.04.19"]
[SourceVersion "1"]
[SourceVersionDate "2018.04.19"]
[SourceQuality "1"]

1. b4 e5 2. Bb2 Bxb4 3. Bxe5 Nf6 4. e3 0-0 5. h3 Re8 6. Nf3 d5 7. Be2 c5 8. 0-0 Nc6 9. Bb2 d4 10. Bb5 Bd7 11. exd4 Nxd4 12. Nxd4 cxd4 13. Bxd7 Qxd7 14. Qf3 Rac8 15. Qb3 Bc5 16. Na3 Re6 17. Rae1 Rb6 18. Qd3 Rxb2 19. Nc4 Bf8 0-1

[Event "Reykjavik op"]
[Site "Reykjavik"]
[Date "2015.03.16"]
[Round "8"]
[White "Kravchuk, Mykhaylo"]
[Black "Jonsson, Pall G"]
[Result "0-1"]
[WhiteElo "1475"]
[BlackElo "1833"]
[PlyCount "86"]
[EventDate "2015.03.10"]
[EventType "swiss"]
[EventRounds "10"]
[EventCountry "ISL"]
[SourceTitle "CBM 165 Extra"]
[Source "ChessBase"]
[SourceDate "2015.04.21"]
[SourceVersion "1"]
[SourceVersionDate "2015.04.21"]
[SourceQuality "1"]

1. d4 g6 2. Nf3 Bg7 3. e3 Nf6 4. Bd3 0-0 5. 0-0 d6 6. c4 c5 7. d5 Na6 8. a3 Nc7 9. Nc3 Ng4 10. h3 Ne5 11. Nxe5 Bxe5 12. f4 Bg7 13. f5 Rb8 14. e4 e6 15. Qg4 exf5 16. exf5 Bd7 17. Qg3 Qf6 18. Ne4 Qd4+ 19. Kh1 Be5 20. Bf4 Ne8 21. Bxe5 dxe5 22. f6 b5 23. Rac1 Rb6 24. Rc3 bxc4 25. Rxc4 Qxb2 26. a4 Rb4 27. Nxc5 Rxc4 28. Bxc4 Bc8 29. Qb3 Qd4 30. Nd3 Nd6 31. Bb5 a6 32. Bc6 Bf5 33. Nf2 e4 34. Ng4 Bxg4 35. hxg4 e3 36. Re1 Nc4 37. Qd1 Qxf6 38. Qe2 Qh4+ 39. Kg1 Rb8 40. d6 Rb2 41. Qxb2 Qxe1+ 42. Kh2 Nxb2 43. d7 Qh4+ 0-1

[Event "Reykjavik op"]
[Site "Reykjavik"]
[Date "2015.03.13"]
[Round "5"]
[White "Jonsson, Pall G"]
[Black "Stray, Gunnar"]
[Result "1/2-1/2"]
[WhiteElo "1833"]
[BlackElo "2065"]
[PlyCount "64"]
[EventDate "2015.03.10"]
[EventType "swiss"]
[EventRounds "10"]
[EventCountry "ISL"]
[SourceTitle "CBM 165 Extra"]
[Source "ChessBase"]
[SourceDate "2015.04.21"]
[SourceVersion "1"]
[SourceVersionDate "2015.04.21"]
[SourceQuality "1"]

1. b4 d5 2. Bb2 Nf6 3. e3 Bf5 4. Nf3 h6 5. Be2 e6 6. b5 a6 7. a4 axb5 8. axb5 Rxa1 9. Bxa1 Nbd7 10. 0-0 Bd6 11. c4 dxc4 12. Bxc4 Nb6 13. Be2 0-0 14. Nc3 Qe7 15. Qb3 Rd8 16. d3 e5 17. Na4 Nfd7 18. Nxb6 Nxb6 19. Nd2 Nd7 20. Nc4 Nc5 21. Qc2 f6 22. Rd1 b6 23. Qb2 e4 24. Nxd6 Qxd6 25. d4 Be6 26. Qc2 Bb3 27. dxc5 Qxd1+ 28. Bxd1 Rxd1+ 29. Qxd1 Bxd1 30. cxb6 cxb6 31. Bd4 Be2 32. Bxb6 Bxb5 1/2-1/2

[Event "Reykjavik op"]
[Site "Reykjavik"]
[Date "2015.03.10"]
[Round "1"]
[White "Jonsson, Pall G"]
[Black "Ahlander, Bjorn"]
[Result "0-1"]
[WhiteElo "1833"]
[BlackElo "2380"]
[PlyCount "66"]
[EventDate "2015.03.10"]
[EventType "swiss"]
[EventRounds "10"]
[EventCountry "ISL"]
[SourceTitle "CBM 165 Extra"]
[Source "ChessBase"]
[SourceDate "2015.04.21"]
[SourceVersion "1"]
[SourceVersionDate "2015.04.21"]
[SourceQuality "1"]

1. b4 e5 2. Bb2 Bxb4 3. Bxe5 Nf6 4. e3 0-0 5. Nf3 d5 6. Be2 Re8 7. 0-0 c5 8. c4 Nc6 9. Bb2 d4 10. Qc2 Bg4 11. Bd3 Ba5 12. a3 Bxf3 13. gxf3 Ne5 14. f4 Nxd3 15. Qxd3 dxe3 16. Qxd8 exf2+ 17. Rxf2 Raxd8 18. Rg2 Nh5 19. Rg5 g6 20. Kf1 Bxd2 21. Nxd2 Rxd2 22. Re5 Red8 23. Bc3 Rc2 24. Re3 Rxh2 25. Kg1 Rc2 26. Rae1 f6 27. f5 Rd7 28. fxg6 hxg6 29. a4 Kf7 30. Rf1 g5 31. a5 Nf4 32. Rfe1 Ng2 33. R3e2 Nxe1 0-1